00497nam a22001937a 450000500170000001000130001702000220003003500130005203700160006504000120008108200130009324500550010626000250016127000300018630000280021665000220024465000140026670000230028020170124110047.0 aA-781182 c00.00a6063553664 aA-781182 bCen Lib/Ret aDPLbEN a793bONE a101 games to play /ccompiled by Elizabeth Cooper  aLondon bDAEN c1994 bLondon a81, fulham road  a157p. ;c20cm(Hb)bill. aSports and games  aGames v  aCooper, Elizabeth